000 00295 a2200133 4500
005 20250415085154.0
020 _a1-4088-7688-6
082 _a827 PEA
100 _aPEARS, T.
245 _aThe Horseman
260 _aLondon,
_bBloomsbury,
_c2017.
300 _a302p.,
_c21cm.
942 _2ddc
_cBKS
999 _c1423
_d1423